{"text_format":"3","workbook":"xlsx","n_sheets":1,"sheets":["t466"],"read":"whole","date_system":"1900"}

{"sheet":"t466","index":0,"n_rows":181,"n_cols":7,"rows_kept":181,"merged":[[0,0,0,6],[30,0,30,5],[48,0,48,5],[152,0,152,5]]}
["TABELA 466.1 - Estatísticas Agrícolas, Município de Quintana, Estado de São Paulo, 2007/08."]
["ITEM","UNIDADE","N.DE UPAs","MÍNIMO","MÉDIO","MÁXIMO","TOTAL"]
["Distância à sede do município","km",240,0.5,{"v":7.06,"d":"7.1"},{"v":28,"d":"28.0"},"-"]
["Área total","hectare",240,1.1,{"v":144.19,"d":"144.2"},{"v":2859.8,"d":"2,859.8"},{"v":34606.5,"d":"34,606.5"}]
["Área com cultura perene","hectare",24,0.2,{"v":10.65,"d":"10.7"},91.9,255.7]
["Área com cultura temporária","hectare",122,0.1,{"v":65.95,"d":"66.0"},{"v":1209.8,"d":"1,209.8"},{"v":8045.4,"d":"8,045.4"}]
["Área com pastagem","hectare",221,0.4,{"v":102.19,"d":"102.2"},{"v":2130.2,"d":"2,130.2"},{"v":22584.2,"d":"22,584.2"}]
["Área com reflorestamento","hectare",58,0.1,{"v":3.82,"d":"3.8"},48.4,221.7]
["Área com vegetação natural","hectare",151,0.1,{"v":17.79,"d":"17.8"},{"v":726,"d":"726.0"},{"v":2687,"d":"2,687.0"}]
["Área com vegetação de brejo e várzea","hectare",51,0.1,{"v":7.01,"d":"7.0"},119.9,357.5]
["Área em descanso","hectare",13,0.4,{"v":8.58,"d":"8.6"},30.8,111.6]
["Área complementar","hectare",216,0.1,{"v":1.59,"d":"1.6"},38.5,343.4]
["Área das UPAs com (0, 1] ha","hectare","-","-","-","-","-"]
["Área das UPAs com (1, 2] ha","hectare",7,1.1,{"v":1.46,"d":"1.5"},{"v":2,"d":"2.0"},10.2]
["Área das UPAs com (2, 5] ha","hectare",33,2.2,3.3,4.8,108.8]
["Área das UPAs com (5, 10] ha","hectare",28,5.9,{"v":8.15,"d":"8.2"},9.7,228.3]
["Área das UPAs com (10, 20] ha","hectare",53,10.2,{"v":15.45,"d":"15.5"},19.7,818.7]
["Área das UPAs com (20, 50] ha","hectare",42,21.1,{"v":32.37,"d":"32.4"},49.2,{"v":1359.4,"d":"1,359.4"}]
["Área das UPAs com (50, 100] ha","hectare",18,51.5,{"v":68.84,"d":"68.8"},94.3,{"v":1239.1,"d":"1,239.1"}]
["Área das UPAs com (100, 200] ha","hectare",19,101.2,{"v":131.63,"d":"131.6"},{"v":179,"d":"179.0"},{"v":2500.9,"d":"2,500.9"}]
["Área das UPAs com (200, 500] ha","hectare",24,205.7,{"v":335.66,"d":"335.7"},479.3,{"v":8055.9,"d":"8,055.9"}]
["Área das UPAs com (500, 1.000] ha","hectare",7,512.7,{"v":758.76,"d":"758.8"},{"v":968,"d":"968.0"},{"v":5311.3,"d":"5,311.3"}]
["Área das UPAs com (1.000, 2.000] ha","hectare",7,{"v":1043.6,"d":"1,043.6"},{"v":1439.6,"d":"1,439.6"},{"v":1895.5,"d":"1,895.5"},{"v":10077.2,"d":"10,077.2"}]
["Área das UPAs com (2.000, 5.000] ha","hectare",2,{"v":2036.9,"d":"2,036.9"},{"v":2448.35,"d":"2,448.4"},{"v":2859.8,"d":"2,859.8"},{"v":4896.7,"d":"4,896.7"}]
["Área das UPAs com (5.000, 10.000] ha","hectare","-","-","-","-","-"]
["Área das UPAs acima de 10.000 ha","hectare","-","-","-","-","-"]
["Familiares do proprietário que trabalham na UPA","unidade",219,{"v":1,"d":"1.0"},{"v":1.53,"d":"1.5"},{"v":6,"d":"6.0"},{"v":335,"d":"335.0"}]
["Trabalhadores permanentes","unidade",67,{"v":1,"d":"1.0"},{"v":3.42,"d":"3.4"},{"v":100,"d":"100.0"},{"v":229,"d":"229.0"}]
["Fonte: Secretaria de Agricultura e Abastecimento, CDRS/IEA, Projeto LUPA."]
[]
["TABELA 466.2 - Explorações Animais, Município de Quintana, Estado de São Paulo, 2007/08."]
["ITEM","UNIDADE","N.DE UPAs","MÍNIMO","MÉDIO","MÁXIMO","TOTAL"]
["Apicultura","colmeias",5,{"v":1,"d":"1.0"},{"v":12,"d":"12.0"},{"v":38,"d":"38.0"},{"v":60,"d":"60.0"}]
["Asininos E Muares","cabeças",19,{"v":1,"d":"1.0"},{"v":3.84,"d":"3.8"},{"v":10,"d":"10.0"},{"v":73,"d":"73.0"}]
["Avicultura de Corte","cabeças/ano",1,{"v":120,"d":"120.0"},{"v":120,"d":"120.0"},{"v":120,"d":"120.0"},{"v":120,"d":"120.0"}]
["Avicultura Ornamental/Decorativa/Exótica","cabeças",3,{"v":10,"d":"10.0"},{"v":10,"d":"10.0"},{"v":10,"d":"10.0"},{"v":30,"d":"30.0"}]
["Avicultura para Ovos","cabeças",3,{"v":5,"d":"5.0"},{"v":36668.33,"d":"36,668.3"},{"v":100000,"d":"100,000.0"},{"v":110005,"d":"110,005.0"}]
["Bovinocultura de Corte","cabeças",153,{"v":2,"d":"2.0"},{"v":187.78,"d":"187.8"},{"v":2880,"d":"2,880.0"},{"v":28730,"d":"28,730.0"}]
["Bovinocultura Leiteira","cabeças",57,{"v":2,"d":"2.0"},{"v":19.44,"d":"19.4"},{"v":120,"d":"120.0"},{"v":1108,"d":"1,108.0"}]
["Bovinocultura Mista","cabeças",46,{"v":3,"d":"3.0"},{"v":25.41,"d":"25.4"},{"v":120,"d":"120.0"},{"v":1169,"d":"1,169.0"}]
["Bubalinocultura","cabeças",1,{"v":80,"d":"80.0"},{"v":80,"d":"80.0"},{"v":80,"d":"80.0"},{"v":80,"d":"80.0"}]
["Caprinocultura","cabeças",3,{"v":10,"d":"10.0"},{"v":36.67,"d":"36.7"},{"v":75,"d":"75.0"},{"v":110,"d":"110.0"}]
["Equinocultura","cabeças",146,{"v":1,"d":"1.0"},4.4,{"v":40,"d":"40.0"},{"v":643,"d":"643.0"}]
["Minhocultura","canteiros",1,{"v":1,"d":"1.0"},{"v":1,"d":"1.0"},{"v":1,"d":"1.0"},{"v":1,"d":"1.0"}]
["Ovinocultura","cabeças",14,{"v":7,"d":"7.0"},{"v":50.93,"d":"50.9"},{"v":300,"d":"300.0"},{"v":713,"d":"713.0"}]
["Suinocultura","cabeças",21,{"v":1,"d":"1.0"},{"v":20.86,"d":"20.9"},{"v":60,"d":"60.0"},{"v":438,"d":"438.0"}]
["Fonte: Secretaria de Agricultura e Abastecimento, CDRS/IEA, Projeto LUPA."]
[]
["TABELA 466.3 -  Máquinas, Implementos e Benfeitorias, Município de Quintana, Estado de São Paulo, 2007/08."]
["ITEM","UNIDADE","N.DE UPAs","MÍNIMO","MÉDIO","MÁXIMO","TOTAL"]
["Arado Comum (Bacia, Aiveca)","Unidade",38,{"v":1,"d":"1.0"},{"v":2,"d":"2.0"},{"v":15,"d":"15.0"},{"v":76,"d":"76.0"}]
["Arado Escarificador","Unidade",16,{"v":1,"d":"1.0"},{"v":3.44,"d":"3.4"},{"v":12,"d":"12.0"},{"v":55,"d":"55.0"}]
["Arado Subsolador","Unidade",8,{"v":1,"d":"1.0"},{"v":1.13,"d":"1.1"},{"v":2,"d":"2.0"},{"v":9,"d":"9.0"}]
["Batedeira de Cereais","Unidade",8,{"v":1,"d":"1.0"},1.5,{"v":3,"d":"3.0"},{"v":12,"d":"12.0"}]
["Carregadeira de Cana","Unidade",6,{"v":1,"d":"1.0"},{"v":1.33,"d":"1.3"},{"v":3,"d":"3.0"},{"v":8,"d":"8.0"}]
["Colhedeira Acoplada","Unidade",10,{"v":1,"d":"1.0"},2.3,{"v":7,"d":"7.0"},{"v":23,"d":"23.0"}]
["Conj.Irrigação Autopropelido","Unidade",2,{"v":1,"d":"1.0"},{"v":1,"d":"1.0"},{"v":1,"d":"1.0"},{"v":2,"d":"2.0"}]
["Conj.Irrigação Convencional","Unidade",4,{"v":1,"d":"1.0"},{"v":1.75,"d":"1.8"},{"v":4,"d":"4.0"},{"v":7,"d":"7.0"}]
["Conjunto de Fenação","Unidade",1,{"v":1,"d":"1.0"},{"v":1,"d":"1.0"},{"v":1,"d":"1.0"},{"v":1,"d":"1.0"}]
["Desintegrador de Palha (Plantio Direto)","Unidade",1,{"v":1,"d":"1.0"},{"v":1,"d":"1.0"},{"v":1,"d":"1.0"},{"v":1,"d":"1.0"}]
["Desintegrador, Picador, Triturador","Unidade",52,{"v":1,"d":"1.0"},{"v":1.06,"d":"1.1"},{"v":2,"d":"2.0"},{"v":55,"d":"55.0"}]
["Distribuidor de Calcário","Unidade",13,{"v":1,"d":"1.0"},{"v":1.15,"d":"1.2"},{"v":3,"d":"3.0"},{"v":15,"d":"15.0"}]
["Ensiladeira","Unidade",9,{"v":1,"d":"1.0"},{"v":1.22,"d":"1.2"},{"v":2,"d":"2.0"},{"v":11,"d":"11.0"}]
["Grade Aradora (Tipo Romi)","Unidade",23,{"v":1,"d":"1.0"},{"v":1.13,"d":"1.1"},{"v":2,"d":"2.0"},{"v":26,"d":"26.0"}]
["Grade Niveladora","Unidade",22,{"v":1,"d":"1.0"},{"v":1.23,"d":"1.2"},{"v":3,"d":"3.0"},{"v":27,"d":"27.0"}]
["Implementos para Tração Animal","Unidade",38,{"v":1,"d":"1.0"},{"v":2.79,"d":"2.8"},{"v":8,"d":"8.0"},{"v":106,"d":"106.0"}]
["Microtrator","Unidade",1,{"v":1,"d":"1.0"},{"v":1,"d":"1.0"},{"v":1,"d":"1.0"},{"v":1,"d":"1.0"}]
["Misturador de Ração","Unidade",5,{"v":1,"d":"1.0"},{"v":1,"d":"1.0"},{"v":1,"d":"1.0"},{"v":5,"d":"5.0"}]
["Ordenhadeira Mecânica","Unidade",5,{"v":1,"d":"1.0"},{"v":1,"d":"1.0"},{"v":1,"d":"1.0"},{"v":5,"d":"5.0"}]
["Pulverizador Tratorizado","Unidade",26,{"v":1,"d":"1.0"},{"v":1.27,"d":"1.3"},{"v":5,"d":"5.0"},{"v":33,"d":"33.0"}]
["Resfriador de Leite, Tanque Expansão","Unidade",9,{"v":1,"d":"1.0"},{"v":1,"d":"1.0"},{"v":1,"d":"1.0"},{"v":9,"d":"9.0"}]
["Semeadeira/Adubadeira para Plantio Convencional","Unidade",18,{"v":1,"d":"1.0"},{"v":1.39,"d":"1.4"},{"v":4,"d":"4.0"},{"v":25,"d":"25.0"}]
["Semeadeira/Plantadeira Plantio Direto","Unidade",7,{"v":1,"d":"1.0"},{"v":1.14,"d":"1.1"},{"v":2,"d":"2.0"},{"v":8,"d":"8.0"}]
["Terraceador","Unidade",4,{"v":1,"d":"1.0"},{"v":1,"d":"1.0"},{"v":1,"d":"1.0"},{"v":4,"d":"4.0"}]
["Trator de Esteiras","Unidade",3,{"v":1,"d":"1.0"},{"v":1.33,"d":"1.3"},{"v":2,"d":"2.0"},{"v":4,"d":"4.0"}]
["Trator de Pneus","Unidade",64,{"v":1,"d":"1.0"},{"v":1.88,"d":"1.9"},{"v":20,"d":"20.0"},{"v":120,"d":"120.0"}]
["Açude/Represa","Unidade",83,{"v":1,"d":"1.0"},2.3,{"v":10,"d":"10.0"},{"v":191,"d":"191.0"}]
["Adega Cantina","Unidade",1,{"v":1,"d":"1.0"},{"v":1,"d":"1.0"},{"v":1,"d":"1.0"},{"v":1,"d":"1.0"}]
["Alambique","Unidade",1,{"v":1,"d":"1.0"},{"v":1,"d":"1.0"},{"v":1,"d":"1.0"},{"v":1,"d":"1.0"}]
["Almoxarifado/Oficina","Unidade",11,{"v":1,"d":"1.0"},{"v":1,"d":"1.0"},{"v":1,"d":"1.0"},{"v":11,"d":"11.0"}]
["Armazém para Grãos Ensacados","Sacas",9,{"v":1,"d":"1.0"},{"v":776.67,"d":"776.7"},{"v":2000,"d":"2,000.0"},{"v":6990,"d":"6,990.0"}]
["Balança para Bovinos","Unidade",10,{"v":1,"d":"1.0"},{"v":1,"d":"1.0"},{"v":1,"d":"1.0"},{"v":10,"d":"10.0"}]
["Balança para Veículos","Unidade",1,{"v":1,"d":"1.0"},{"v":1,"d":"1.0"},{"v":1,"d":"1.0"},{"v":1,"d":"1.0"}]
["Barracão para Granja/Avicultura","Unidade",4,{"v":1,"d":"1.0"},{"v":6.25,"d":"6.3"},{"v":15,"d":"15.0"},{"v":25,"d":"25.0"}]
["Barracão/Galpão/Garagem","Unidade",62,{"v":1,"d":"1.0"},{"v":1.16,"d":"1.2"},{"v":3,"d":"3.0"},{"v":72,"d":"72.0"}]
["Biodigestor","Unidade",1,{"v":3,"d":"3.0"},{"v":3,"d":"3.0"},{"v":3,"d":"3.0"},{"v":3,"d":"3.0"}]
["Casa de Moradia Habitada","Unidade",112,{"v":1,"d":"1.0"},{"v":1.41,"d":"1.4"},{"v":9,"d":"9.0"},{"v":158,"d":"158.0"}]
["Casa de Moradia Total","Unidade",161,{"v":1,"d":"1.0"},{"v":1.75,"d":"1.8"},{"v":10,"d":"10.0"},{"v":282,"d":"282.0"}]
["Curral/Mangueira","Unidade",134,{"v":1,"d":"1.0"},{"v":1.13,"d":"1.1"},{"v":4,"d":"4.0"},{"v":151,"d":"151.0"}]
["Depósito/Tulha","Unidade",103,{"v":1,"d":"1.0"},{"v":1.15,"d":"1.2"},{"v":4,"d":"4.0"},{"v":118,"d":"118.0"}]
["Estábulo","Unidade",6,{"v":1,"d":"1.0"},{"v":1,"d":"1.0"},{"v":1,"d":"1.0"},{"v":6,"d":"6.0"}]
["Estufa/Plasticultura","m²",2,{"v":1,"d":"1.0"},250.5,{"v":500,"d":"500.0"},{"v":501,"d":"501.0"}]
["Fábrica de Ração","Unidade",1,{"v":1,"d":"1.0"},{"v":1,"d":"1.0"},{"v":1,"d":"1.0"},{"v":1,"d":"1.0"}]
["Instalações para Equinos","Unidade",7,{"v":1,"d":"1.0"},{"v":1.14,"d":"1.1"},{"v":2,"d":"2.0"},{"v":8,"d":"8.0"}]
["Máquina de Benefício","Unidade",2,{"v":1,"d":"1.0"},{"v":1,"d":"1.0"},{"v":1,"d":"1.0"},{"v":2,"d":"2.0"}]
["Pocilga","Unidade",4,{"v":1,"d":"1.0"},{"v":1,"d":"1.0"},{"v":1,"d":"1.0"},{"v":4,"d":"4.0"}]
["Poço Semi-Artesiano","Unidade",31,{"v":1,"d":"1.0"},{"v":1.03,"d":"1.0"},{"v":2,"d":"2.0"},{"v":32,"d":"32.0"}]
["Posto Meteorológico","Unidade",1,{"v":1,"d":"1.0"},{"v":1,"d":"1.0"},{"v":1,"d":"1.0"},{"v":1,"d":"1.0"}]
["Secador de Grãos","Unidade",4,{"v":1,"d":"1.0"},{"v":1.25,"d":"1.3"},{"v":2,"d":"2.0"},{"v":5,"d":"5.0"}]
["Silo para Silagem","t",6,{"v":1,"d":"1.0"},{"v":152.67,"d":"152.7"},{"v":400,"d":"400.0"},{"v":916,"d":"916.0"}]
["Terreiro","m²",12,{"v":1,"d":"1.0"},{"v":346.92,"d":"346.9"},{"v":1000,"d":"1,000.0"},{"v":4163,"d":"4,163.0"}]
["Fonte: Secretaria de Agricultura e Abastecimento, CDRS/IEA, Projeto LUPA."]
[]
["TABELA 466.4 - Outras Estatísticas Agrícolas, Município de Quintana, Estado de São Paulo, 2007/08."]
["ITEM","Número de UPAs",null,"Percentual"]
["Faz Parte de Associação de Produtores",32,null,{"v":13.333333333333334,"d":"13.3"}]
["Faz Parte de Cooperativa de Produtores",76,null,{"v":31.666666666666668,"d":"31.7"}]
["Faz Parte do Sindicato de Produtores",25,null,{"v":10.416666666666666,"d":"10.4"}]
["Não utiliza assistência técnica ",72,null,{"v":30,"d":"30.0"}]
["Utiliza somente assistência técnica governamental ",96,null,{"v":40,"d":"40.0"}]
["Utiliza somente assistência técnica privada ",42,null,17.5]
["Utiliza assistência técnica tanto governamental quanto privada",30,null,12.5]
["Utiliza Crédito Rural",11,null,{"v":4.583333333333333,"d":"4.6"}]
["Utiliza Seguro Rural",1,null,{"v":0.4166666666666667,"d":"0.4"}]
["Utiliza Escrituração Agrícola",23,null,{"v":9.583333333333332,"d":"9.6"}]
["Acessa Internet p/ Fins na Agropecuária",19,null,{"v":7.916666666666667,"d":"7.9"}]
["Utiliza Computador nas Atividades Agropecuárias",19,null,{"v":7.916666666666667,"d":"7.9"}]
["Utiliza Energia Elétrica Para Uso na Atividade Agrícola",166,null,{"v":69.16666666666667,"d":"69.2"}]
["Realiza Análise de Solo, quando necessário",34,null,{"v":14.166666666666668,"d":"14.2"}]
["Utiliza Práticas de Conservação de Solo, quando necessário",128,null,{"v":53.333333333333336,"d":"53.3"}]
["Faz Adubação Mineral, quando necessário",116,null,{"v":48.33333333333333,"d":"48.3"}]
["Faz Adubação Orgânica, quando necessário",97,null,{"v":40.416666666666664,"d":"40.4"}]
["Faz Adubação Verde, quando necessário",3,null,{"v":1.25,"d":"1.3"}]
["Utiliza Manejo Integrado de Pragas (MIP)","-",null,"-"]
["Utiliza Hidroponia","-",null,"-"]
["Utiliza Plasticultura","-",null,"-"]
["Utiliza Mudas Fiscalizadas",3,null,{"v":1.25,"d":"1.3"}]
["Utiliza Semente Melhorada",32,null,{"v":13.333333333333334,"d":"13.3"}]
["Faz Confinamento de Bovinos",5,null,{"v":2.0833333333333335,"d":"2.1"}]
["Utiliza Pastejo Intensivo",6,null,2.5]
["Faz Inseminação Artificial",6,null,2.5]
["Faz Mineralização do Rebanho",167,null,{"v":69.58333333333333,"d":"69.6"}]
["Faz Vermifugação do Rebanho",191,null,{"v":79.58333333333333,"d":"79.6"}]
["Possui Parceiros /Arrendatários na Exploração Animal",27,null,{"v":11.25,"d":"11.3"}]
["Esporte e lazer",2,null,{"v":0.8333333333333334,"d":"0.8"}]
["Extração mineral","-",null,"-"]
["Hotel Fazenda, Pousada ou SPA","-",null,"-"]
["Pesque-pague",1,null,{"v":0.4166666666666667,"d":"0.4"}]
["Restaurante ou Lanchonete",1,null,{"v":0.4166666666666667,"d":"0.4"}]
["Transformação artesanal","-",null,"-"]
["Turismo rural ou ecoturismo","-",null,"-"]
["Outras atividades econômicas rurais",1,null,{"v":0.4166666666666667,"d":"0.4"}]
["Agroindústria","-",null,"-"]
["Proprietário sem instrução ou com instrução incompleta",21,null,{"v":8.75,"d":"8.8"}]
["Proprietário com antigo primário completo",93,null,{"v":38.75,"d":"38.8"}]
["Proprietário com 1° grau (ou antigo ginasial) completo",47,null,{"v":19.583333333333332,"d":"19.6"}]
["Proprietário com 2° grau (ou antigo colegial) completo",49,null,{"v":20.416666666666664,"d":"20.4"}]
["Proprietário com curso superior completo ",30,null,12.5]
["Pessoa Jurídica","-",null,"-"]
["Proprietário residente na própria UPA ",38,null,{"v":15.833333333333334,"d":"15.8"}]
["Fonte: Secretaria de Agricultura e Abastecimento, CDRS/IEA, Projeto LUPA."]
[]
["TABELA 466.5 - Área Cultivada, Município de Quintana, Estado de São Paulo, 2007/08."]
["CULTURA","N.DE UPAs","MÍNIMO","MÉDIO","MÁXIMO","TOTAL"]
["Braquiaria",216,0.4,102.9,{"v":2130.2,"d":"2,130.2"},{"v":22226.3,"d":"22,226.3"}]
["Cana-de-acucar",80,0.1,{"v":64.45,"d":"64.5"},{"v":1209.8,"d":"1,209.8"},{"v":5155.6,"d":"5,155.6"}]
["Amendoim",24,4.8,{"v":90.23,"d":"90.2"},387.2,{"v":2165.6,"d":"2,165.6"}]
["Milho",34,0.4,{"v":21.77,"d":"21.8"},{"v":549,"d":"549.0"},740.1]
["Gramas",17,2.4,{"v":14.43,"d":"14.4"},{"v":60,"d":"60.0"},245.3]
["Eucalipto",57,0.1,{"v":3.59,"d":"3.6"},48.4,204.9]
["Seringueira",6,4.5,{"v":23.52,"d":"23.5"},37.5,141.1]
["Cafe",14,0.2,{"v":7.01,"d":"7.0"},54.4,98.1]
["Coloniao",1,75.1,75.1,75.1,75.1]
["Feijao",11,0.2,{"v":4.45,"d":"4.5"},{"v":20,"d":"20.0"},{"v":49,"d":"49.0"}]
["Sorgo",1,19.2,19.2,19.2,19.2]
["Capim-jaragua",2,4.8,8.4,{"v":12,"d":"12.0"},16.8]
["Pinus",1,16.8,16.8,16.8,16.8]
["Outras gramineas para pastagem",1,{"v":16,"d":"16.0"},{"v":16,"d":"16.0"},{"v":16,"d":"16.0"},{"v":16,"d":"16.0"}]
["Coco-da-baia",4,{"v":1,"d":"1.0"},{"v":3,"d":"3.0"},{"v":8,"d":"8.0"},{"v":12,"d":"12.0"}]
["Capim-napier (ou capim-elefante)",8,0.1,{"v":0.59,"d":"0.6"},1.2,4.7]
["Laranja",2,0.5,{"v":1.75,"d":"1.8"},{"v":3,"d":"3.0"},3.5]
["Melancia",1,2.4,2.4,2.4,2.4]
["Feijao-vagem (ou vagem, ou feijao-verde)",2,0.1,{"v":0.65,"d":"0.7"},1.2,1.3]
["Mandioca",1,1.2,1.2,1.2,1.2]
["Outras olericolas",1,1.2,1.2,1.2,1.2]
["Tomate envarado",2,0.1,{"v":0.25,"d":"0.3"},0.4,0.5]
["Abacate",1,0.5,0.5,0.5,0.5]
["Maracuja",1,0.5,0.5,0.5,0.5]
["Arroz",1,0.5,0.5,0.5,0.5]
["Manga",1,0.5,0.5,0.5,0.5]
["Fonte: Secretaria de Agricultura e Abastecimento, CDRS/IEA, Projeto LUPA."]